000 00265nam a22001097a 4500
008 231027b |||||||| |||| 00| 0 eng d
100 _aVajpeyee,Bhagwati Prasad
_95889
245 _aJharokhe Ki Rani
260 _aDelhi;
_bNavyug Pub.;
300 _a162p
942 _cBK
999 _c40311
_d40311